The Newborn Child (Record no. 1685)

MARC details
000 -LEADER
fixed length control field 00846pam a2200265 a 4500
001 - CONTROL NUMBER
control field 14377727
003 - CONTROL NUMBER IDENTIFIER
control field OSt
005 - DATE AND TIME OF LATEST TRANSACTION
control field 20231108115231.0
008 - FIXED-LENGTH DATA ELEMENTS--GENERAL INFORMATION
fixed length control field 060515s2003 stka b 001 0 eng
010 ## - LIBRARY OF CONGRESS CONTROL NUMBER
LC control number 2006276067
020 ## - INTERNATIONAL STANDARD BOOK NUMBER
International Standard Book Number 0443071594 (pbk.)
040 ## - CATALOGING SOURCE
Original cataloging agency DLC
Transcribing agency DLC
Modifying agency DLC
050 00 - LIBRARY OF CONGRESS CALL NUMBER
Classification number RJ254
Item number .V84 2003
082 00 - DEWEY DECIMAL CLASSIFICATION NUMBER
Classification number WS 420 J63n 2004
Edition number 22
100 1# - MAIN ENTRY--PERSONAL NAME
Personal name Johnston, Peter G. B.; Flood, Kirstie; Spinks, Karen
9 (RLIN) 4454
245 10 - TITLE STATEMENT
Title The Newborn Child
250 ## - EDITION STATEMENT
Edition statement 9th ed.
260 ## - PUBLICATION, DISTRIBUTION, ETC. (IMPRINT)
Place of publication, distribution, etc. Edinburgh;
Name of publisher, distributor, etc. Churchill Livingstone,
Date of publication, distribution, etc. c2003.
300 ## - PHYSICAL DESCRIPTION
Extent vii, 270 p. :
Other physical details ill. (some col.) ;
Dimensions 25 cm.
650 12 - SUBJECT ADDED ENTRY--TOPICAL TERM
Topical term or geographic name as entry element Newborn.
9 (RLIN) 4455
650 #0 - SUBJECT ADDED ENTRY--TOPICAL TERM
Topical term or geographic name as entry element Pediatrics
9 (RLIN) 4456
906 ## - LOCAL DATA ELEMENT F, LDF (RLIN)
a 7
b cbc
c origcop
d 2
e ncip
f 20
g y-gencatlg
942 ## - ADDED ENTRY ELEMENTS (KOHA)
Source of classification or shelving scheme Other/Generic Classification Scheme
Koha item type Short Loan
Holdings
Withdrawn status Lost status Source of classification or shelving scheme Damaged status Not for loan Home library Current library Date acquired Source of acquisition Inventory number Total Checkouts Full call number Barcode Date last seen Koha item type
    Other/Generic Classification Scheme     MUST Main Library MUST Main Library 30/04/2015 Purchase 07/29107   WS 420 J63n 2004 2015-1301 30/04/2015 Short Loan